=LDR 00000nam 2200000 4500 =001 INLIS000000000031344 =005 20130612133425 =008 ***********************************ind** =035 ##$$0010-061300000031344 =041 ##$$a ind =082 ##$$a 581. 8 =090 ##$$a 581. 8 , Sri a =100 ##$$a Sri Muliyani E.S =245 ##$$a Anatomi tumbuahan, oleh Sri Muliyani E.S =260 ##$$a 2006 $b Yogyakarta =300 ##$$a 325 hlm. , ilus. , 21 cm =650 ##$$a Botanu Sel =850 ##$$a NBPNMAT